Представление документа в формате MARC21

Поле Инд. ПП Название Значение
Тип записи a
Библиографический уровень m
001 Контрольный номер 2e398657-38cb-11db-b02a-008048b56a28
005 Дата корректировки 20140703145443.4
008 Кодируемые данные 060831
020 c Цена, тираж б/ц
040 a Служба первич. каталог. НБ ТвГУ
041 a Код языка текста rus
080 a Индекс УДК 811.112.2'42(043.3)
084 a Индекс другой классификации/Индекс ББК Ш143.24-223я031
a Индекс другой классификации/Индекс ББК Ш143.24-7я031
090 x Авторский знак Т66
a Полочн. индекс Ш143.24
100 1_ a Автор Трегубович Тамара Петровна
245 10 a Заглавие Опыт анализа семантико-синтаксической структуры текста (на материале газетной публицистики ГДР)
b Продолж. заглавия автореф. дис. ... канд. филол. наук : 10.02.04
c Ответственность Минский гос. пед. ин-т иностр. яз.
260 1_ a Место издания Минск
c Дата издания 1978
300 a Объем 28 с.
b Иллюстрации/ тип воспроизводства табл.
500 a Примечание На правах рукоп.
504 a Библиография Библиогр. в конце кн. и в подстроч. примеч.
583 a Действие Получение впервые 314 01.09.2006
650 a Основная рубрика Немецкий язык
x Основная подрубрика Стилистика
x Основная подрубрика Синтаксис
650 a Основная рубрика Текст (лингв.)
653 a Ключевые слова Немецкий язык
a Ключевые слова Текст (лингв.)
a Ключевые слова Лингвистика текста
a Ключевые слова Стилистика немецкого языка
a Ключевые слова Лингвистическая стилистика
a Ключевые слова Синтаксис немецкого языка
a Ключевые слова Авторефераты
852 t Порядковый номер экземпляра 1
p Инвентарный номер б/н
888 a Бесплатные
930 a Новая/Ретро авторефераты
952 p 314.2006 б/ц 1 б/н
c Вид литературы А/Р н
954 a Дата поступления на обработку 20060906
999 a Подразделение 2 ч.з.